01923nam a2200457 a 4500001001200000003000800012006001900020007001500039008004100054010001700095020003900112020003600151020002700187040002100214035002100235043002100256050002200277082002300299100003300322245015600355260006000511300002700571490003900598504005100637533015200688600003300840650003800873650004000911650004200951650003700993650006001030650005601090655002901146700003301175700003001208700002701238710001701265830004001282856012601322999001701448ebr10557861CaPaEBRm u cr cn|||||||||110912s2012 vaub sb 001 0aeng d z 2011036683 z9780813932385 (cloth : alk. paper) z0813932386 (cloth : alk. paper) z9780813932408 (e-book) aCaPaEBRcCaPaEBR a(OCoLC)794167474 an-us---an-cn---14aE450b.G65 2012eb04a306.3/62092aB2231 aGoings, Henry,db. ca. 1810.10aRambles of a runaway from southern slaveryh[electronic resource] /cHenry Goings ; edited by Calvin Schermerhorn, Michael Plunkett, and Edward Gaynor. aCharlottesville :bUniversity of Virginia Press,c2012. axxxvi, 157 p. :bmaps.1 aCarter G. Woodson Institute series aIncludes bibliographical references and index. aElectronic reproduction.bPalo Alto, Calif. :cebrary,d2013.nAvailable via World Wide Web.nAccess may be limited to ebrary affiliated libraries.10aGoings, Henry,db. ca. 1810. 0aSlaveszUnited StatesvBiography. 0aFreedmenzUnited StatesvBiography. 0aAfrican AmericanszCanadavBiography. 0aSlave narrativeszUnited States. 0aSlaveszUnited StatesxSocial conditionsy19th century. 0aAfrican AmericansxSocial conditionsy19th century. 7aElectronic books.2local1 aSchermerhorn, Calvin,d1975-1 aPlunkett, Michael,d1942-1 aGaynor, Edward,d1959-2 aebrary, Inc. 0aCarter G. Woodson Institute series.40uhttp://site.ebrary.com/lib/rucke/Doc?id=10557861zAn electronic book accessible through the World Wide Web; click to view c87749d87749